<?xml version="1.0" encoding="UTF-8"?>
<record
    xmlns:xsi="http://www.w3.org/2001/XMLSchema-instance"
    xsi:schemaLocation="http://www.loc.gov/MARC21/slim http://www.loc.gov/standards/marcxml/schema/MARC21slim.xsd"
    xmlns="http://www.loc.gov/MARC21/slim">

  <leader>02022cam a22003135i 4500</leader>
  <datafield tag="999" ind1=" " ind2=" ">
    <subfield code="c">28038</subfield>
    <subfield code="d">28009</subfield>
  </datafield>
  <controlfield tag="001">18733887</controlfield>
  <controlfield tag="003">EG-ScBUE</controlfield>
  <controlfield tag="005">20200211145302.0</controlfield>
  <controlfield tag="008">150807t20162016nyu    f      001 0 eng d</controlfield>
  <datafield tag="020" ind1=" " ind2=" ">
    <subfield code="a">9780814436820 (pbk.)</subfield>
  </datafield>
  <datafield tag="040" ind1=" " ind2=" ">
    <subfield code="a">DLC</subfield>
    <subfield code="b">eng</subfield>
    <subfield code="e">rda</subfield>
    <subfield code="c">DLC</subfield>
    <subfield code="d">EG-ScBUE</subfield>
  </datafield>
  <datafield tag="082" ind1="0" ind2="4">
    <subfield code="a">658.872</subfield>
    <subfield code="b">CHR</subfield>
    <subfield code="2">22</subfield>
  </datafield>
  <datafield tag="100" ind1="1" ind2=" ">
    <subfield code="a">Christensen, Mary,</subfield>
    <subfield code="d">1951-</subfield>
    <subfield code="e">author.</subfield>
  </datafield>
  <datafield tag="245" ind1="1" ind2="0">
    <subfield code="a">Be a network marketing leader :</subfield>
    <subfield code="b">build a community to build your empire /</subfield>
    <subfield code="c">Mary Christensen.</subfield>
  </datafield>
  <datafield tag="264" ind1=" " ind2="1">
    <subfield code="a">New York :</subfield>
    <subfield code="b">AMACOM / American Management Association,</subfield>
    <subfield code="c">[2016]</subfield>
  </datafield>
  <datafield tag="264" ind1=" " ind2="4">
    <subfield code="c">c2016</subfield>
  </datafield>
  <datafield tag="300" ind1=" " ind2=" ">
    <subfield code="a">ix, 210 pages ;</subfield>
    <subfield code="c">23 cm</subfield>
  </datafield>
  <datafield tag="336" ind1=" " ind2=" ">
    <subfield code="a">text</subfield>
    <subfield code="b">txt</subfield>
    <subfield code="2">rdacontent</subfield>
  </datafield>
  <datafield tag="337" ind1=" " ind2=" ">
    <subfield code="a">unmediated</subfield>
    <subfield code="b">n</subfield>
    <subfield code="2">rdamedia</subfield>
  </datafield>
  <datafield tag="338" ind1=" " ind2=" ">
    <subfield code="a">volume</subfield>
    <subfield code="b">nc</subfield>
    <subfield code="2">rdacarrier</subfield>
  </datafield>
  <datafield tag="500" ind1=" " ind2=" ">
    <subfield code="a">Includes index.</subfield>
  </datafield>
  <datafield tag="500" ind1=" " ind2=" ">
    <subfield code="a">Includes appendix.</subfield>
  </datafield>
  <datafield tag="505" ind1="0" ind2=" ">
    <subfield code="a">Acknowledgments -- Introduction: it's all in your hands -- Ready to lead -- The power of network marketing -- The first steps to building your empire -- Grow your network -- Developing a community -- Create an upbeat, can-do culture -- Engage your team members on facebook -- Healthy relationships - healthy business -- Walking the talk -- Your contacts list is king! -- Maximizing the potential of social media -- Use trade shows and events to expand your prospect pool -- Sponsoring wide and deep -- Learn to communicate -- Effective communication is job #1 -- Use print materials that reflect your best -- Connect with audiences by sharing your story -- Leading your team -- Techniques for creating an engaged community -- Get the benefits of coaching without sapping your time -- How to guide your vulnerable rookies -- Chief cheerleader: celebrate everything! -- How to motivate with competition -- Going forward -- Be a great conductor! -- Embracing change--your competitive edge -- Conclusion -- Appendixes -- Index -- About the author.</subfield>
  </datafield>
  <datafield tag="650" ind1=" " ind2="7">
    <subfield code="a">Multilevel marketing.</subfield>
    <subfield code="2">BUEsh</subfield>
  </datafield>
  <datafield tag="650" ind1=" " ind2="7">
    <subfield code="a">Direct marketing.</subfield>
    <subfield code="2">BUEsh</subfield>
    <subfield code="9">6756</subfield>
  </datafield>
  <datafield tag="653" ind1=" " ind2=" ">
    <subfield code="b">COMAME</subfield>
    <subfield code="c">February2020</subfield>
  </datafield>
  <datafield tag="942" ind1=" " ind2=" ">
    <subfield code="2">ddc</subfield>
    <subfield code="c">BB</subfield>
  </datafield>
  <datafield tag="952" ind1=" " ind2=" ">
    <subfield code="0">0</subfield>
    <subfield code="1">0</subfield>
    <subfield code="2">ddc</subfield>
    <subfield code="4">0</subfield>
    <subfield code="7">0</subfield>
    <subfield code="8">Baccah</subfield>
    <subfield code="a">MAIN</subfield>
    <subfield code="b">MAIN</subfield>
    <subfield code="c">1ST</subfield>
    <subfield code="d">2020-02-11</subfield>
    <subfield code="e">Purchase</subfield>
    <subfield code="g">317.00</subfield>
    <subfield code="h">34025</subfield>
    <subfield code="l">0</subfield>
    <subfield code="o">658.872 CHR</subfield>
    <subfield code="p">000046709</subfield>
    <subfield code="r">2025-07-15 00:00:00</subfield>
    <subfield code="v">396.25</subfield>
    <subfield code="w">2020-02-11</subfield>
    <subfield code="y">BB</subfield>
  </datafield>
</record>
